| 000 | 00606nam a2200217Ia 4500 | ||
|---|---|---|---|
| 003 | IN-BaIIA | ||
| 008 | 211028s9999 xx 000 0 eng d | ||
| 020 | _a978-0-495-01577-2 | ||
| 040 | _cIIA Library | ||
| 080 |
_a523 _bSEE |
||
| 100 |
_aSeeds, Michael A _912378 |
||
| 245 | 0 |
_aAstronomy _bthe solar system and beyond _cMichael A Seeds |
|
| 250 | _a5th ed. | ||
| 260 |
_aAustralia _bThomson Brooks-Cole _c2007 |
||
| 300 | _axv, 553p. | ||
| 650 |
_aAstronomy _980 |
||
| 650 | _aSolar system | ||
| 650 | _aStars | ||
| 650 |
_aUniverse _91987 |
||
| 942 | _cBK | ||
| 999 |
_c17133 _d17133 |
||